Statistics for 20 Biggest Cities in Mexico on a Map

Click here to take the quiz!

General Stats

  • This quiz has been taken 300 times
  • The average score is 12 of 20

Answer Stats

Pop Cities % Correct
20,137,000Mexico City
99%
4,434,000Guadalajara
94%
4,106,000Monterrey
90%
1,751,000Tijuana
88%
1,495,000Ciudad Juárez
86%
2,729,000Puebla
75%
973,000Mérida
74%
863,000Acapulco
73%
852,000Chihuahua
70%
936,000Mexicali
59%
1,610,000León
58%
932,000Aguascalientes
52%
1,041,000San Luis Potosí
52%
1,936,000Toluca
45%
1,097,000Querétaro
39%
859,000Tampico
35%
1,276,000Torreón
30%
807,000Morelia
30%
823,000Saltillo
26%
876,000Cuernavaca
25%

Score Distribution

Percentile by Number Answered

Percent of People with Each Score

Your Score History

You have not taken this quiz